[Event "Tata Steel-A 77th"]
[Site "Wijk aan Zee"]
[Date "2015.01.25"]
[Round "13"]
[White "Caruana, Fabiano"]
[Black "Vachier Lagrave, Maxime"]
[Result "0-1"]
[WhiteElo "2820"]
[BlackElo "2757"]
[Annotator "Vachier Lagrave,M"]
[PlyCount "70"]
[EventDate "2015.01.10"]
[EventType "tourn"]
[EventRounds "13"]
[EventCountry "NED"]
[EventCategory "20"]
[SourceTitle "CBM 165"]
[Source "ChessBase"]
[SourceDate "2015.03.11"]
[SourceVersion "1"]
[SourceVersionDate "2015.03.11"]
[SourceQuality "1"]

1. e4 c5 {No more Caro-Kann against Fabiano!} 2. Nf3 d6 3. d4 cxd4 4. Nxd4 Nf6
5. Nc3 a6 6. h3 e5 7. Nde2 h5 8. g3 {I have plenty of experience on this line
from both sides, although mostly with Black. At first sight it might seem a
bit slow, and it is why it was not the most popular option until 2013. Then
ideas have been found for White to create pressure by gradually removing
Black's counterplay, generally connected with long term plans on the kingside.
This was urged as well by the fact that immediately playing for the control of
the d5-square is not enough for an edge:} (8. Bg5 Be6 9. Bxf6 Qxf6 10. Nd5 Qd8
11. Nec3 g6 12. Bc4 Bh6 {Unexpectedly, this bishop controls a few key squares,
preventing notably Ne3.} 13. O-O O-O 14. Bb3 (14. a4 Nc6 15. Qd3 Rc8 16. Bb3
Nd4 $11) 14... Nc6 15. Qd3 Rc8 16. Rad1 Nd4 17. Ne2 Nxb3 18. Qxb3 b5 19. a4 {
is the latest example in this line. Here} Rb8 {would have guaranteed me at
least an equal position.}) 8... Be6 (8... Be7 9. Bg2 b5 10. Nd5 Nxd5 11. Qxd5
Ra7 12. Be3 Be6 13. Qd2 Rb7 14. Nc3 Nd7 15. Nd5 $14) (8... b5 9. Nd5 Nbd7 10.
Bg5 Bb7 11. Nec3 Be7 12. Nxe7 Qxe7 13. Bg2 {is also more pleasant for White.
In general playing ...b5 too fast gives White good control of the d5-square,
without having to part with his dark squared bishop, which apparently has got
itself a great summer-house on g5.}) 9. Bg2 Nbd7 {I've always been faithful to
this line instead, allowing White to prevent an expansion on the queenside. My
main hope is to get a good control of the centre. Still, there is a serious
danger of not managing anything on the queenside, nor the d5-break in the
centre, while White calmly improves on the kingside.} 10. a4 Be7 {More precise
than} (10... Rc8 11. Be3 Nb6 12. Bg5 $1 {remember this cute double bishop move!
} Be7 13. b3 {which was the course of my game with Judit Polgar. I certainly
was not satisfied with the outcome of the opening as now my Nb6 is out of
place and d5 is not happening:} d5 $6 14. Bxf6 Bxf6 15. exd5 Bf5 16. Be4 $16)
11. O-O {I warmly recommend readers interested in this line to investigate the
move order subtleties, for instance between the text move and 11.Be3 or 11.a5
right away.} Rc8 (11... Qc7 $6 12. Be3 Rc8 13. a5 O-O 14. b3 Rfe8 {was the
course of another of my games, this time with White. Here the obvious} 15. f4
d5 16. exd5 Bc5 17. Bxc5 Qxc5+ 18. Kh2 Bf5 19. Ra4 {and Black doesn't have
enough compensation.}) 12. Be3 (12. a5 {now allows} Rc5 {and although this
pawn grab appears a bit reckless after} 13. Be3 Rxa5 14. Rb1 {and the Ra5 has
no way back, but being a pawn up Black certainly has resources.}) 12... Nb6 {
A very ambitious option, and although I couldn't remember all the details of
my preparation I felt quite confident going for it.} 13. b3 (13. Bg5 {the same
double bishop move as in Judit's game against me! But White has now castled
and this might give Black some counterplay:} Nh7 (13... Qd7 14. a5 Na8 15. h4
$1 $14) 14. Bxe7 Qxe7 15. a5 Nd7 {and White is not too confident on the
kingside with h4 coming as} 16. f4 h4 17. b3 Ndf6 18. f5 Bd7 {is a bit awkward.
}) 13... d5 $1 {otherwise, there is simply no point to 12...Nb6.} 14. Bxb6 (14.
a5 d4 15. Nxd4 exd4 16. Bxd4 Bc5 $1 {is ok for Black.}) 14... Qxb6 15. Nxd5 (
15. exd5 {is not the most logical approach:} Bf5 16. a5 Qc7 17. Qd2 O-O {
and White can't make any pawn advance on the queenside, where he's supposed to
make a difference. The lack of good available squares for his knights also
makes it perfectly logical why he would exchange one pair of those.}) 15...
Nxd5 16. exd5 Bd7 $1 {Generally, when you sacrifice pawns, you want to push
your pieces forward. But the bishop has to make way for the f7-pawn. Now for
an assessment of the position: I have no clue whether White is better, but he
is struggling to move his queenside pawns because of the fantastic job the Be7
is doing. Meanwhile on the kingside, my pawn majority can start rolling. Still,
I need to be careful not to allow White to create a blockade, and especially
the battle for the e4-square will be crucial as White's knight can get there
quite quickly.} 17. c4 Qd6 $5 {After a long period of thought trying to
remember my analysis starting with 17...Bc5, I decided to keep on being very
ambitious as obviously Fabiano was not very comfortable with his position and
getting already quite low on time. Also, I couldn't find a concrete way for
him to make use of my apparent loss of time, while preventing d6 is very
useful in any case.} (17... Bc5 {was actually part of my preparation, but I
didn't like to allow} 18. d6 $1 {allowing White to bale out as his knight will
get to d5 soon.}) (17... Bb4 $6 {would be a logical move as well, preventing
both a5, Nc3 and Re1. But here White has another powerful recycling at his
disposal with} 18. Nc1 $1) 18. a5 $6 {This is too slow. Even though it is
understandable to prevent Black from going ...a5 and ...b6, shutting down
White's majority, White needs too much time to get it rolling so he should for
now focus on the kingside.} (18. h4 g5 $1 19. hxg5 Bxg5 {and ...h4 might come
soon, and White is not preventing f5 for now so he still has no blockade on e4.
Still is was quite playable.}) (18. f4 e4 $1 {was not to Fabiano's taste. I
was mainly focused on 18...exf4, but I like this option more.} (18... h4 19. f5
$5 {Now White has a blockade on e4 but his queenside is also vulnerable after}
b5 $13) (18... exf4 19. Nxf4 h4 20. g4 O-O 21. Nd3 b6 {looks unclear.}) 19. Nd4
(19. f5 Qe5) 19... f5 {and Black's dark squared bishop is on his way to
becoming an unrivalled monster all over the board, while the Bg2 is lacking
any prospects at all.}) (18. Nc3 f5 19. Re1 h4 20. g4 g6 $5 21. Qe2 Bf6 {
might have been the best option available. But White's king is not safe after
the unavoidable e4 which is coming later on.}) 18... f5 (18... h4 $6 19. g4 {
only helps White when Black hasn't played ...f5 yet.}) 19. Qd3 h4 20. g4 O-O $1
(20... fxg4 21. Nc3 O-O 22. Kh1 {is quite playable, but offering a nice
central square and thereby giving up most of my initiative for one lame pawn
is not in my habits.}) 21. Nc3 $6 {This move feels logical but White had to
prevent 21...e4 now, although it took me a lot of time to find the logical
follow-up.} (21. gxf5 Bxf5 22. Qe3 (22. Qd2 Qg6 23. Kh1 Be4 24. f3 Bg5 $1 {
with a strong attack}) 22... Qg6 {looked very threatening to me, but White
might be alright after the cool-headed} 23. Kh1 (23. Qxe5 $2 Bxh3) 23... Bc5
24. Qd2 $1 {to my great surprise Black has no forced win, but probably no
advantage at all as well as White is threatening b4.} Bd3 25. Rad1 Bc2 26. Rc1
Bd3 $11) 21... e4 22. Qe3 Bd8 $1 {After hitting a wall in the very logical
line 22...Qe5 23.f4, I was also investing a considerable amount of time in
slow play like 22...g6 when I suddenly realised there was another way to
create the typically lethal Q+B battery. A few seconds later, my hand was
lashing out the moves and I knew my position was already close to winning.} 23.
Bxe4 {White's best hope. He gives up a piece but the bishop pair is a bit less
scary for now, and especially the Bd7 might be restricted by White's pawns.} (
23. f4 exf3 24. Rxf3 Bc7 25. g5 Rfe8 $1 26. Qf2 Qh2+ 27. Kf1 Bd6 $1 {followed
by 28...Bc5 is curtains.}) (23. gxf5 Bc7 24. Rfe1 Qh2+ 25. Kf1 Bf4 26. Qxe4
Bxf5 27. Qf3 Bg3 $1 $19) 23... fxe4 (23... Bc7 $1 24. f4 fxe4 {was more
precise with the idea} 25. Nxe4 (25. c5 Qh6 26. d6 Bd8 $17) 25... Rce8 $1 $17)
24. Nxe4 Qf4 25. Qxf4 Rxf4 26. f3 Be7 {I am aiming for the ideal setup Bb4,
Rcf8 followed by Be8-g6 and White will have too many weaknesses. White
bringing his king to the centre is thus no surprise although it accelerates
his fate.} 27. Kf2 (27. Kg2 Bb4 28. Ra2 Rcf8 29. Rff2 Kh7 30. Rfe2 Kh6 31. Re3
Be8 $1 {and the extra piece shall prevail.}) 27... Rcf8 28. Ke3 Be8 $1 {
Bg6 is now a very serious threat and the Ne4 can't move as it would expose the
Ke3 too much. Fabiano tries cleverly to create a new chain of pawns.} 29. c5
Bb5 30. b4 $1 Rxe4+ $1 {An obvious shot. Black's remaining pieces will work
together in perfect harmony.} (30... Bxf1 $2 {would probably not be my option
even without the tactical shot at my disposal. Now after} 31. Rxf1 {BLACK
SHALL NOT PASS, at least, that is what it feels like with not any of Black's
remaining pieces or pawns able to make a breakthrough.}) 31. Kxe4 Re8 {White's
king is suddenly under fire and he can't run away, being hindered by his own
pawns.} 32. Kf4 (32. Kd4 Bf6# {I don't use the word "cute" lightly, but this
is one hell of a cute checkmate!}) (32. f4 Bxc5+ 33. Kf3 Be2+ 34. Kg2 Bxf1+ $19
) (32. Kf5 Bf6 {this is not the only way to Rome.} 33. g5 (33. Rae1 Bd3+ 34.
Kf4 g5#) 33... Bd7+ 34. Kg6 Re5 35. gxf6 Be8+ $19) 32... g5+ 33. Kf5 Kf7 $1 {
Closing the door.} 34. Rfe1 (34. Rad1 Bf6 35. Rfe1 Bd3+ 36. Rxd3 Rxe1 37. f4
Rf1 $19) 34... Bd3+ 35. Re4 (35. Ke5 Bxc5# {I also have a thing for that one.})
35... Bf6 {And mate follows. Obviously, I'm delighted with the course of the
game, starting from my preparation to the flow of moves leading to my strong
attack, which did not stop after the exchange of queens. It also helped me
finish my successful tournament on a high note, and it didn't take me long to
fulfill my New Year's resolution to win a last round again after one and a
half years!} 0-1

[Event "Grenke Chess Classic 3rd"]
[Site "Baden-Baden"]
[Date "2015.02.04"]
[Round "3"]
[White "Aronian, Levon"]
[Black "Caruana, Fabiano"]
[Result "0-1"]
[WhiteElo "2777"]
[BlackElo "2811"]
[Annotator "Krasenkow,M"]
[PlyCount "80"]
[EventDate "2015.02.02"]
[EventType "tourn"]
[EventRounds "7"]
[EventCountry "GER"]
[EventCategory "20"]
[SourceTitle "CBM 165"]
[Source "ChessBase"]
[SourceDate "2015.03.11"]
[SourceVersion "1"]
[SourceVersionDate "2015.03.11"]
[SourceQuality "1"]

1. d4 Nf6 2. c4 e6 3. Nc3 Bb4 4. Qc2 O-O 5. Bg5 c5 6. dxc5 Qa5 7. Bd2 (7. Bxf6
{is possible, too, but White looksfor a more complicated position.}) 7... Qxc5
(7... Na6 8. a3 Nxc5 9. e4 $5 $36 (9. Rc1 Bxc3 10. Bxc3 Qa4 11. Qxa4 Nxa4 12.
Bxf6 gxf6 13. b3 Nc5 14. b4 Na4 15. Nf3 b6 16. Nd2 Ba6 $11 {1/2 (46) Krush,I 
(2380)-Dragomarezkij,E (2468) Moscow 2002})) 8. e3 (8. a3 Bxc3 9. Qxc3 d5 10.
cxd5 Qxc3 11. Bxc3 Nxd5 12. Bd2 Nc6 13. e4 Nb6 14. Be3 e5 15. Bxb6 axb6 16. Bc4
Nd4 $132 {0-1 (45) Balla,T (2377)-Prodileanu,A (2204) Sarata Monteoru 2012}) (
8. e4 Nc6 9. a3 Bxc3 10. Bxc3 e5 11. Nf3 d6 12. h3 a5 13. Bd3 a4 14. O-O Be6
15. Bd2 Rfc8 16. Be3 Qa5 17. Qe2 h6 18. Rad1 Nd7 $132 {0-1 (43) Borulya,L 
(2105)-Serper,G (2420) Pula 1990}) 8... Qc7 (8... b6 9. a3 Bxc3 10. Bxc3 {
[%cal Rc3b4]} Qe7 11. Bd3 $36) (8... d5 $6 {(not a good time to open up the
position!)} 9. a3 Bxc3 10. Bxc3 a5 11. Bd4 Qc7 12. Bxf6 gxf6 13. Rc1 dxc4 14.
Bxc4 Bd7 15. Nf3 Rc8 16. O-O $14 {1/2 (16) Jaracz,P (2548)-Jedynak,R (2475)
Czechia 2013}) (8... Nc6 9. a3 Bxc3 10. Bxc3 e5 (10... Qe7 11. Bd3 e5 12. Ne2
Re8 13. Ng3 $14 (13. O-O $4 e4 14. Bxf6 gxf6 {0-1 (14) Ivanov,J (2300)-Dautov,
R (2535) Sverdlovsk 1989})) (10... a5 11. Nf3 (11. b3 $6 e5 12. Nf3 Re8 13. Be2
d5 14. O-O d4 15. exd4 exd4 16. Bb2 Bg4 $132 {0-1 (29) Wagner,A (2241)-Kishnev,
S (2488) Germany 2004}) 11... e5 12. Bd3 $14) 11. Nf3 $5 (11. b4 Qe7 12. b5 Nb8
13. Nf3 d6 14. Be2 Nbd7 15. O-O b6 16. Nd2 Bb7 17. a4 d5 18. Qb2 d4 19. Bb4 Nc5
$132 {1/2 (53) Krivko,Y-Khasin,A (2530) Omsk 1996})) ({Black's queen can
therefore retreat to give to his bishop a route back to e7.} 8... Qc6 {is not
the best square:} 9. Nf3 a6 10. Bd3 (10. a3 Be7 11. Bd3 d6 12. O-O Nbd7 13. b4
Qc7 14. h3 Rd8 15. Rac1 Nf8 16. Nd4 Bd7 17. Qb3 Rdc8 18. f4 $14 {1-0 (61)
Marovic,D (2485)-Tatai,S (2465) Beersheba 1976}) 10... Qc7 11. g4 $5 Nxg4 12.
Bxh7+ Kh8 13. Bd3 Nc6 14. Rg1 Nce5 15. Nxe5 Nxe5 16. Be2 f5 17. Nb1 Bxd2+ 18.
Nxd2 $36 {1-0 (71) Mascarinas,R (2465)-Smagin,S (2540) Zenica 1989}) (8... Qb6
$142 $5 9. a3 (9. Nf3 $5) 9... Be7 10. Nf3 a6 11. Be2 Qc7 12. Rc1 b6 13. O-O
Bb7 14. Rfd1 d6 15. e4 Nbd7 16. h3 Nc5 17. Bd3 Rac8 18. b3 Qb8 19. Nd4 Rfe8 $13
{1/2 (56) Tozer,R (2235)-Smagin,S (2535) London 1989}) (8... Qh5 $5 9. a3 Be7
10. Nge2 b6 11. Nf4 Qe5 12. Be2 Bb7 13. O-O Nc6 14. Rac1 Rac8 15. b4 d5 16.
cxd5 exd5 $132 {[%cal Yd5d4] 0-1 (60) Hartston,W (2465)-Ornstein,A (2450)
Skara 1980}) 9. Nf3 (9. Nb5 $5 Bxd2+ 10. Qxd2 Qb6 11. Nd6 {needs checking.
Black can try to oust White's knight by means of ...Nf6-e8 later on.}) 9... Be7
10. Bd3 Nc6 ({A more classic hedgehog setup was seen in the following game:} 
10... Na6 11. a3 Nc5 12. Be2 d6 13. O-O b6 14. b4 Ncd7 15. Rac1 Bb7 16. e4 Rac8
17. Rfd1 Rfd8 18. Bf4 Qb8 19. h3 h6 20. Qb1 Ne8 $13 {1/2 (39) Zysk,R (2395)
-Ribli,Z (2620) Germany 1988}) ({but} 10... a6 11. O-O d6 {[%cal Yb7b6,Yc8b7,
Yb8d7] was a more direct way to get a hedgehog.}) 11. a3 b6 (11... a6 $5 {
not allowing the following manoeuvre, which is, however, quite harmless.}) 12.
Nb5 Qb8 13. Bc3 h6 (13... a6 14. Bxf6 Bxf6 15. Bxh7+ Kh8 16. Nc3 g6 17. Bxg6
fxg6 18. Qxg6 {looks risky for Black but objectively White hardly has anything
better than a perpetual check.}) 14. Rd1 a6 15. Nbd4 (15. Bxf6 Bxf6 16. Nd6 Be7
17. Nxc8 Qxc8 18. O-O Qc7 {is hardly promising for White.}) 15... Nxd4 16. Bxd4
d6 $5 ({Equally good was} 16... Bb7 {(here or on the next move). ...b6-b5
would be possible in any case.}) 17. O-O Bd7 18. e4 e5 19. Bc3 Rc8 (19... b5
20. c5 $5 {although after} Rc8 21. cxd6 Bxd6 {Black is OK, too.}) 20. Qe2 Be6
21. Nh4 $5 g6 22. g3 {A passive continuation after the sharp previous move.} (
22. f4 $5 {was more logical:} Bg4 (22... exf4 $2 23. Nf5 $1) 23. Nf3 exf4 24.
h3 Bh5 (24... Bxf3 $2 25. Qxf3 g5 26. g3) 25. e5 dxe5 26. Bxe5 Qb7 27. Bxf4 Re8
28. Qc2 {[%cal Rg2g4,Rf4h6]} g5 $13) 22... Qc7 {The c4 pawn is now doomed.} 23.
Ng2 (23. b3 b5) (23. Bd2 $5 Bxc4 24. Bxh6 Bxd3 25. Rxd3 Qc2 26. Qf3 $1 d5 27.
Nf5 gxf5 28. Qxf5 Nxe4 29. Qg4+ (29. Rf3 $143 Nd6 30. Qxe5 Qg6 31. Qxe7 Nf5)
29... Ng5 30. Rfd1 $13 {(Chesspro.ru)}) 23... Bxc4 24. Ne3 Bxd3 25. Rxd3 Nxe4
26. Bxe5 dxe5 27. Nd5 Qd6 (27... Nxg3 28. fxg3 Qb7 {looks too risky.}) 28. Qxe4
Bf8 29. Rfd1 $44 {White has powerful pieces but Black has no real weaknesses
so this compensation can only be enough for equality.} b5 30. Qf3 (30. Nf4 Qf6
31. Nd5 $11 Qe6 32. Re1 {[%cal Rd5c7,Re4e5]} (32. Nc7 $2 Qc4 $1)) 30... Kg7 31.
Nc3 $6 {[%mdl 16384] White takes the wrong way by preparing a rook invasion,
which doesn't bring him any benefit. He had a good opportunity to regain the
pawn:} (31. Nc7 $1 Qxc7 32. Rd7 Qc4 33. R1d5 Be7 $8 34. Rxe7 Rf8 35. Rdxe5 $11)
31... Qe6 32. Rd7 Bc5 33. Qe4 Ra7 {Black has improved the position of his
pieces, and White's compensation has vanished.} 34. Rd8 $2 {[%mdl 8192]
Blundering another pawn. Positional mistakes often lead to tactical oversights
when you try to prove the unprovable: the correctness of your wrong plan.} Rxd8
35. Rxd8 Bxf2+ $1 36. Kg2 (36. Kxf2 Qb6+) 36... Bb6 37. Rd2 Rc7 38. Qa8 Bd4 39.
Ne2 Rd7 40. b4 h5 0-1

[Event "Gashimov Memorial 2nd"]
[Site "Shamkir"]
[Date "2015.04.17"]
[Round "1"]
[White "Mamedyarov, Shakhriyar"]
[Black "Caruana, Fabiano"]
[Result "1/2-1/2"]
[WhiteElo "2756"]
[BlackElo "2802"]
[Annotator "Krasenkow,M"]
[PlyCount "179"]
[EventDate "2015.04.17"]
[EventType "tourn"]
[EventRounds "9"]
[EventCountry "AZE"]
[EventCategory "21"]
[SourceTitle "CBM 166"]
[Source "ChessBase"]
[SourceDate "2015.05.11"]
[SourceVersion "1"]
[SourceVersionDate "2015.05.11"]
[SourceQuality "1"]

1. d4 Nf6 2. c4 g6 3. Nc3 d5 4. Nf3 Bg7 5. Bf4 c5 6. dxc5 Ne4 $146 {[%mdl 8] A
new continuation at such an early stage!} (6... Qa5 {is the common move but
the whole 5...c5 line is considered dubious, and the game move is unlikely to
change that evaluation.}) 7. Nxe4 (7. cxd5 $5 Nxc3 8. bxc3 Bxc3+ 9. Bd2 Bxa1
10. Qxa1 {looks dangerous for Black; it is curious what Fabiano Caruana had
prepared in that case.}) 7... dxe4 8. Qxd8+ Kxd8 9. O-O-O+ Ke8 10. Bxb8 {
Hardly a good idea: to exchange a bishop for an undeveloped knight.} (10. Nd2
$5 f5 11. g4 $14) 10... Rxb8 11. Nd4 Bd7 12. e3 a5 13. Be2 Rc8 14. Rd2 f5 15.
Rhd1 a4 16. b4 axb3 17. axb3 Rxc5 {Black has recaptured the missing pawn.
White keeps an edge due to his queenside pawn advantage but Black's bishop
pair should rescue him.} 18. b4 Rc8 19. Ra2 Kf7 20. Ra7 Rc7 21. c5 Be5 22. Kc2
Rhc8 23. Kb3 Kf6 24. Bc4 e6 25. g3 g5 26. f4 exf3 27. Nxf3 Bc6 28. Nxe5 Kxe5
29. Rd6 Re7 30. b5 Bxb5 {[%mdl 512] Black wants a clearer draw but a piece
sacrifice is not necessarily the best way to reach it. Although good knowledge
of the endgame "R+B vs R" can help here.} (30... Be4 $14) 31. Bxb5 Rxc5 32. Rb6
Rec7 33. Rbxb7 Rc3+ 34. Kb4 Rxb7 35. Rxb7 {[%mdl 4096]} Rxe3 36. Rxh7 f4 37. g4
f3 38. Rf7 Re4+ 39. Bc4 Rxg4 (39... Rf4 $1 40. Re7 f2 41. Rxe6+ Kd4 42. Rd6+
Ke3 43. Rd1 Rxg4 $11) 40. Rxf3 Rh4 $2 {And this is a real mistake.} (40... Rg2
$1 41. Rh3 g4 42. Rh5+ Kf4 {[%cal Yg4g3] and White can hardly obtain anything
better than the above-mentioned endgame "R+B vs R", e.g.} 43. Bxe6 g3 44. h3
Rg1 {[%cal Rg3g2] etc. After the text move White prevents the advance of
Black's g-pawn.}) 41. Rf2 Kd4 42. Rg2 e5 43. Be6 $6 {A correct plan (the
bishop should be placed on g4) but the wrong execution. White's king will now
be cut off at the edge of the board.} (43. Be2 $1 Rh8 44. Kb3 $1 {was correct
although there was still a long way to a victory.}) 43... Rh6 44. Bg4 Rb6+ 45.
Ka5 Rb8 {, and White can't find a way to make progress:} 46. Rd2+ Ke3 47. Rd5
Ke4 48. Rd7 Kf4 49. h3 e4 50. Rf7+ Kg3 51. Rf5 Re8 52. Rxg5 Kh4 53. Rh5+ Kg3
54. Bd7 Re7 55. Rg5+ Kh2 56. Bg4 e3 57. Be2 Kxh3 58. Kb4 Kh4 59. Rg4+ Kh3 60.
Rg8 Kh4 61. Kc3 Rd7 62. Re8 Kg5 63. Rxe3 {Finally we have this classic ending,
and Black confidently holds his ground:} Rd8 64. Rf3 Rd6 65. Rf1 Rf6 66. Rg1+
Kf4 67. Kd2 Rh6 68. Rg4+ Ke5 69. Ke3 Rb6 70. Bd3 Rb3 71. Rg5+ Kf6 72. Rd5 Rb4
73. Be4 Ke6 74. Kf4 Rb2 75. Rh5 Rf2+ 76. Bf3 Rf1 77. Rh6+ Ke7 78. Ke4 Kf7 79.
Bh5+ Ke7 80. Ke5 Re1+ 81. Kd5 Re3 82. Bg6 Ra3 83. Be4 Ra1 84. Ke5 Re1 85. Rh7+
Ke8 {The famous Cochrane position.} 86. Ra7 Kf8 $6 {This move is inaccurate.} (
86... Re2 $1) 87. Kf5 Ke8 88. Rh7 (88. Bc6+ $1 Kd8 89. Kf6 {was a chance for
White to keep Black's king at the edge, which would require more accuracy from
him.}) 88... Kd8 89. Rh1 Rxh1 90. Bxh1 1/2-1/2